| 000 | 00000nas 2200000za 4500 |
| 001 | 9.844433 |
| 003 | CaOODSP |
| 005 | 20240925091302 |
| 007 | cr ||||||||||| |
| 008 | 170925c20089999picux m ot f0###a0eng|d |
| 040 | |aCaOODSP|beng |
| 043 | |an-cn--- |
| 086 | 1 |aV3-1E-PDF |
| 130 | 0 |aTechnical report (Canada. Veterans Affairs Canada. Research Directorate) |
| 245 | 00|aVAC Research Directorate technical report |h[electronic resource]. |
| 246 | 30|aResearch Directorate technical report |
| 260 | |aCharlottetown, P.E.I. : |bVeterans Affairs Canada, |c2008- |
| 500 | |aIssued also in French under title: Rapport technique. |
| 692 | 07|2gccst|aVeterans |
| 710 | 1 |aCanada. |bVeterans Affairs Canada. |
| 775 | 08|tRapport technique de la Direction de la recherche, Anciens Combattants Canada |w(CaOODSP)9.844435 |